000 00739nam a2200229Ia 4500
003 OSt
005 20251128153102.0
008 210716s2016 xx 000 0 und d
020 _a9781785886607
040 _cAIMIT LIBRARY
041 _aeng
082 _a006.31
_21
_bISOA
100 _aIsoni, Andrea.
_9247152
245 _aMachine learning for the web :
_bexplore the web and make smarter predictions using python /
_cBy Andrea Isoni.
250 _a1st ed.
260 _aMumbai :
_bPackt Publishing Ltd ,
_c2016.
300 _aix,274p. ;
_bPB
_c24 cm
650 _aUnsupervised machine learning
_9247153
650 _aRecommendation systems
_9247154
650 _aMovie recommendation
_9247155
942 _2ddc
_cBK
_e1st
_k006.31 ISOA
999 _c196647
_d196647